000 03837nam a22002777a 4500
003 DO-CoUTE
005 20260518153326.0
008 260518b dr ||||| |||| 00| 0 spa d
040 _aDO-CoUTE
_bspa
_cDO-CoUTE
041 _aspa
092 _aGEO 2026 A59
100 1 _aÁlvarez de Jesús, Leonardo Miguel
_eSustentante
245 1 0 _aEstudio Del Impacto Geológico Y Ambiental De La Actividad Minera En La Comunidad Los Martínez Del Municipio Maimón Provincia Monseñor Nouel, República Dominicana, 2026
_cLeonardo Miguel Álvarez de Jesús, Juandery Stiven Moreno Mercedes, Yosmarly de los Santos Moreno ; Asesor, Ricardo Reynoso Villafaña
260 _aCotuí, República Dominicana ;
_bUTECO,
_c2026
300 _a70 Hojas :
_bGraficos ;
_c23cm,
_e+ 1 CD-ROM
502 _aTrabajo de Grado (Ingeniero Geólogo) Universidad Tecnológica del Cibao Oriental, 2026.
504 _aIncluye referencia bibliográfica e índice.
520 _aEste estudio evalúa el impacto geológico y ambiental de la actividad minera en la comunidad Los Martínez, Maimón, Monseñor Nouel, República Dominicana, mediante la percepción de sus habitantes. La justificación radica en la ausencia de investigaciones focalizadas en esta zona, pese a su relevancia minera y a las denuncias comunitarias sobre deterioro ambiental y geológico, lo que exige una propuesta de gestión sostenible basada en evidencia local. El problema es la desconexión entre el desarrollo económico minero y la conservación del medio físico-social, agravada por la falta de monitoreo técnico continuo y la escasa participación comunitaria en la gestión ambiental. Se empleó un diseño cuantitativo, descriptivo, analítico y transversal. Las variables principales fueron: Percepción del Impacto Ambiental, Percepción del Impacto Geológico, Conocimiento sobre la minería y Vínculo laboral con la minería, utilizada como variable de control. La hipótesis alternativa (H₁) planteaba una asociación significativa entre la percepción de dichos impactos. La metodología incluyó análisis documental para caracterizar el contexto geológico y una encuesta con preguntas dicotómicas aplicada a una muestra probabilística de 322 residentes, calculada a partir de una población estimada de 1,218 habitantes mediante fotointerpretación satelital. Los datos se analizaron con estadística descriptiva y la prueba de Chicuadrado. Los hallazgos revelaron que existe una asociación estadísticamente significativa (p < 0.001) entre la percepción de impactos geológicos y ambientales, rechazando la hipótesis nula. Más del 60% de los encuestados percibió al menos un tipo de impacto. Contrariamente a lo esperado, quienes tenían vínculo laboral con la minera reportaron mayor percepción de contaminación hídrica. Aunque el conocimiento sobre la actividad minera fue alto (74.5%), la participación en gestión ambiental fue baja (42.9%). Se concluye que la comunidad experimenta un deterioro integral del territorio, reconociendo tanto impactos geológicos como ambientales de forma significativamente relacionada. El alto nivel de conocimiento sin participación efectiva evidencia una injusticia procedimental. Se recomienda un modelo de gestión sostenible basado en comités ambientales locales con poder real, monitoreo participativo validado y planes de cierre de mina obligatorios desde la exploración.
650 4 _aEstudios del impacto
700 1 _aLeonardo Miguel Álvarez de Jesús
_eSustentante
700 1 _aJuandery Stiven Moreno Mercedes
_eSustentante
700 1 _aRicardo Reynoso Villafaña
_eAsesor
830 _aTesis y disertaciones académicas (Universidad Tecnológica del Cibao Oriental)
856 _yHaga Click Aquí para Descargar en Texto Completo
942 _2ddc
_cTH
999 _c24202
_d24202